Raccolta sistematica delle leggi regolamenti ed altre disposizioni sulla sanita pubblica in vigore a tutto il 31 dicembre 1905 / (Record no. 123322)

MARC details
000 -LEADER
campo de control de longitud fija 00710nam a2200169 i 4500
001 - NÚMERO DE CONTROL
campo de control 123322
003 - IDENTIFICADOR DE NÚMERO DE CONTROL
campo de control ES-MaACL
005 - FECHA Y HORA DE LA ÚLTIMA TRANSACCIÓN
campo de control 20230906192142.0
007 - CAMPO FIJO DE DESCRIPCIÓN FÍSICA--INFORMACIÓN GENERAL
campo de control de longitud fija t|
008 - DATOS DE LONGITUD FIJA--INFORMACIÓN GENERAL
campo de control de longitud fija 070214q1905 it r ||||1| ita d
245 00 - MENCIÓN DEL TÍTULO
Título Raccolta sistematica delle leggi regolamenti ed altre disposizioni sulla sanita pubblica in vigore a tutto il 31 dicembre 1905 /
Mención de responsabilidad, etc. pubblicato per cura del Ministero dell'Interno, Direzione Generale della Sanita Pubblica.
260 ## - PUBLICACIÓN, DISTRIBUCIÓN, ETC.
Lugar de publicación, distribución, etc. Roma :
Nombre del editor, distribuidor, etc. Cooperativa tipografica Manuzio,
Fecha de publicación, distribución, etc. [1905?]
300 ## - DESCRIPCIÓN FÍSICA
Extensión 2 v. ;
Dimensiones 27 x 19 cm.
650 #4 - PUNTO DE ACCESO ADICIONAL DE MATERIA--TÉRMINO DE MATERIA
Término de materia o nombre geográfico como elemento de entrada Salud pública-
Subdivisión de forma Legislación-
Subdivisión geográfica Italia.
9 (RLIN) 161099
710 1# - ENTRADA AGREGADA--NOMBRE DE ENTIDAD CORPORATIVA
Nombre de entidad corporativa o nombre de jurisdicción como elemento de entrada Italia.
Unidad subordinada Direzione generale della Sanita pubblica.
9 (RLIN) 5317
852 ## - LOCALIZACIÓN
Ubicación ES-MaACL
Número de control de estantería G-6052-53
Holdings
Estatus retirado Estado de pérdida Estado de daño No para préstamo Biblioteca de origen Biblioteca actual Ubicación en estantería Fecha de adquisición Fuente de adquisición Total de préstamos Signatura topográfica completa Código de barras Visto por última vez Precio de reemplazo Tipo de ítem Koha
        Biblioteca del Ateneo de Madrid Biblioteca del Ateneo de Madrid Depósito 2 17/01/2008     G-6052-53 1128494 23/02/2023 23/02/2023 Libro impreso